Drapeaux de pays avec le rouge retiré - Statistiques

Statistiques générales
  • Ce quiz a été pris 34 804 fois
  • Le résultat moyen est 12 sur 16
Statistiques - réponses
Par images Réponse % Correct
Etats-Unis
98%
Maroc
98%
Espagne
96%
France
95%
Liban
91%
Norvège
88%
Macédoine du nord
85%
Iran
80%
Panama
76%
Laos
75%
Koweït
54%
Syrie
54%
Trinité-et-Tobago
47%
Antigua-et-Barbuda
45%
Samoa
42%
Guinée-Bissau
35%
Aucun quiz correspondant
Distribution des résultats
% des personnes avec chaque résultat
Percentile par nombre de réponses
Votre historique - résultats
Vous n’avez pas pris ce quiz